Catalog

Record Details

Catalog Search



Sami doma : bydlení, práce a vztahy lidí žijících v jednočlenných domácnostech  Cover Image Book Book

Sami doma : bydlení, práce a vztahy lidí žijících v jednočlenných domácnostech / Barbora Vacková, Lucie Galčanová, Michaela Kvapilová Bartošová, Lukáš Kala

Record details

  • ISBN: 978-80-7465-185-4
  • ISBN: 978-80-210-8123-9
  • Physical Description: 259 stran : ilustrace, faksimile ; 20 cm
  • Edition: Vydání 1.
  • Publisher: Červený Kostelec : Pavel Mervart ; 2014

Content descriptions

General Note:
"Ve spolupráci s Masarykovou univerzitou, Fakultou sociálních studií, vydalo nakladatelství Pavel Mervart"
V tiráži uvedeno vročení 2015
Bibliography, etc. Note:
Obsahuje bibliografii, bibliografické odkazy a rejstřík
Language Note:
Anglické resumé
Subject: mladí lidé > Česko
singles > Česko
bydlení > Česko
partnerské vztahy > Česko
práce > Česko
volný čas > Česko
young adults > Czechia
single people > Czechia
housing > Czechia
partner relationships > Czechia
labor > Czechia
leisure > Czechia
Genre: kolektivní monografie
collective monographs

Available copies

  • 1 of 1 copy available at Common Catalog SPOK.

Holds

  • 0 current holds with 1 total copy.
Show Only Available Copies
Location Call Number / Copy Notes Barcode Shelving Location Status Due Date
Jabok Library Soc-1.8.1 424480038565 Odborná literatura Available -

LDR 03519nam a2200889 i 4500
00124260
003CZ-PrJAB
00520160929094009.0
007ta
008160603s2014 xr ah f 001 0 cze
015 . ‡acnb002801823
020 . ‡a978-80-7465-185-4 ‡q(Pavel Mervart ; ‡qbrožováno)
020 . ‡a978-80-210-8123-9 ‡q(Masarykova univerzita ; ‡qbrožováno)
035 . ‡a(CZ PrSKC)nkc20162801823
035 . ‡a(OCoLC)953517148
040 . ‡aABA001 ‡bcze ‡erda
0410 . ‡acze ‡beng
043 . ‡ae-xr---
072 7. ‡a316.4/.7 ‡xSociální interakce. Sociální komunikace ‡2Konspekt ‡918
080 . ‡a316.346.3-053.81 ‡2MRF
080 . ‡a316.346-058.832 ‡2MRF
080 . ‡a365 ‡2MRF
080 . ‡a316.472.42 ‡2MRF
080 . ‡a331 ‡2MRF
080 . ‡a79 ‡2MRF
080 . ‡a(437.3) ‡2MRF
080 . ‡a(048.8:082) ‡2MRF
1001 . ‡aVacková, Barbora, ‡d1979- ‡7xx0120692 ‡4aut
24510. ‡aSami doma : ‡bbydlení, práce a vztahy lidí žijících v jednočlenných domácnostech / ‡cBarbora Vacková, Lucie Galčanová, Michaela Kvapilová Bartošová, Lukáš Kala
24630. ‡aBydlení, práce a vztahy lidí žijících v jednočlenných domácnostech
250 . ‡aVydání 1.
264 1. ‡aČervený Kostelec : ‡bPavel Mervart ; ‡aBrno : ‡bMasarykova univerzita, ‡c2014
300 . ‡a259 stran : ‡bilustrace, faksimile ; ‡c20 cm
336 . ‡atext ‡btxt ‡2rdacontent
337 . ‡abez média ‡bn ‡2rdamedia
338 . ‡asvazek ‡bnc ‡2rdacarrier
500 . ‡a"Ve spolupráci s Masarykovou univerzitou, Fakultou sociálních studií, vydalo nakladatelství Pavel Mervart"
500 . ‡aV tiráži uvedeno vročení 2015
504 . ‡aObsahuje bibliografii, bibliografické odkazy a rejstřík
546 . ‡aAnglické resumé
65007. ‡amladí lidé ‡7ph128031 ‡zČesko ‡2czenas
65007. ‡asingles ‡7ph125547 ‡zČesko ‡2czenas
65007. ‡abydlení ‡7ph114212 ‡zČesko ‡2czenas
65007. ‡apartnerské vztahy ‡7ph115684 ‡zČesko ‡2czenas
65007. ‡apráce ‡7ph115908 ‡zČesko ‡2czenas
65007. ‡avolný čas ‡7ph127235 ‡zČesko ‡2czenas
65009. ‡ayoung adults ‡zCzechia ‡2eczenas
65009. ‡asingle people ‡zCzechia ‡2eczenas
65009. ‡ahousing ‡zCzechia ‡2eczenas
65009. ‡apartner relationships ‡zCzechia ‡2eczenas
65009. ‡alabor ‡zCzechia ‡2eczenas
65009. ‡aleisure ‡zCzechia ‡2eczenas
655 7. ‡akolektivní monografie ‡7fd501537 ‡2czenas
655 9. ‡acollective monographs ‡2eczenas
7001 . ‡aGalčanová, Lucie, ‡d1980- ‡7xx0067321 ‡4aut
7001 . ‡aKvapilová Bartošová, Michaela, ‡d1979- ‡7xx0115616 ‡4aut
7001 . ‡aKala, Lukáš ‡7osa2012714998 ‡4aut
910 . ‡aABG312
9289 . ‡aMasarykova univerzita, Fakulta sociálních studií
901 . ‡a24260 ‡b ‡c24260 ‡tbiblio

Additional Resources